A Duna-Dráva Cement Kft. átfogó elemzése beszámolók alapján

Bibliográfiai részletek
Szerző: Fejes Gábor
További közreműködők: Ilyés Dr. Csaba
Dokumentumtípus: Diplomadolgozat
Kulcsszavak:Egy építőipari vállalat bemutatása
Mérleg elemzés
Beszámoló elemzés
Online Access:http://dolgozattar.uni-bge.hu/9074

MARC

LEADER 00000nta a2200000 i 4500
001 dolg9074
005 20161216172225.0
008 161216suuuu hu om 000 hun d
040 |a BGE Dolgozattár Repozitórium  |b hun 
041 |a hu 
100 1 |a Fejes Gábor 
245 1 2 |a A Duna-Dráva Cement Kft. átfogó elemzése beszámolók alapján  |c Fejes Gábor  |h [elektronikus dokumentum] 
246 1 1 |a A Duna-Dráva Cement Kft. átfogó elemzése beszámolók alapján 
695 |a Egy építőipari vállalat bemutatása 
695 |a Mérleg elemzés 
695 |a Beszámoló elemzés 
700 1 |a Ilyés Dr. Csaba  |e ths 
856 4 0 |u http://dolgozattar.uni-bge.hu/9074/1/Diplomamunka.pdf  |z Dokumentum-elérés